• 首页
  • 本馆介绍
  • 公告通知
  • 最新文献
  • 馆藏检索
  • 电子资源
  • 读者导购
  • 参考咨询
  • 我的图书馆
  • 登录
  • 详细信息显示
  • 放入我的书架
  • 预约/预借图书
  • 作者相关作品
  • 分类相关作品
  • 丛书相关作品
  • 出版社相关作品

书目信息

  • 表格格式
  • 工作单格式
  • 卡片格式
题名:
毛泽东与中国传统文化
    
 
作者: 王凤贤
分册:  
出版信息: 安徽   安徽人民出版社  1996
页数: 601页
开本: 20cm
丛书名:
单 册:
中图分类: A
科图分类:
主题词:
电子资源:
ISBN: 7-212-00992-X
000 00516nam0 2200181 450
001 0728815141
005 20070819080015.14
010    @a7-212-00992-X@d¥21.00
100    @a20070819d km y0chiy0120 ea
101 0  @achi
200 1  @a毛泽东与中国传统文化@Amao ze dong yu zhong guo chuan tong wen hua@f王凤贤@Fwang feng xian
205    @a2版
210    @a安徽@c安徽人民出版社@d1996
215    @a601页@d20cm
690    @aA@v3
701  0 @a王凤贤@Awang feng xian
801  0 @aCN@bPFT@c20070819
905    @a213230@dA@eZW6@f1
    
    毛泽东与中国传统文化/王凤贤.-2版.-安徽:安徽人民出版社,1996
    601页;20cm
    
    
    ISBN 7-212-00992-X:¥21.00
    
●
相关链接 在E读中查询图书 在五车中查询图书 在当当中查询图书 在豆瓣中查询图书


正题名:毛泽东与中国传统文化     索取号:A/ZW6         预约/预借

序号 登录号 条形码 馆藏地/架位号 状态 备注
1 7600008   276000088   密集书库-文学院/ [索取号:A/ZW6] 在馆    
唐山师范学院图书馆 欢迎您!
大连网信软件有限公司© 版权所有